K otázkám sluchových vad
| Format: | Book |
|---|---|
| Language: | English |
| Published: |
Praha
Svaz československých invalidů
1960
|
MARC
| LEADER | 00000nam a2200000 a 4500 | ||
|---|---|---|---|
| 001 | vtls010274132 | ||
| 003 | SK-MaSNL | ||
| 005 | 20260224124004.0 | ||
| 008 | 110427 000 0 eng | ||
| 040 | |a SNK |b slo |c SNK |e AACR2 | ||
| 245 | 1 | |a K otázkám sluchových vad | |
| 260 | |a Praha |b Svaz československých invalidů |c 1960 |e Praha |f Mír | ||
| 300 | |a 93 s. | ||
| 999 | |c 1007201 |d 1009131 | ||
| 952 | |a SNK |b SNK |y PREZ |7 0 |p 17A0692224 |o snkSD 19694 |i snkKIP 281/61 |3 rekatalogizácia |0 0 |1 0 |4 0 |d 2011-04-27 |l 0 |r 2025-12-03 00:00:00 |w 2026-02-24 | ||


